Educated youth and the cultural revolution in China /

Bibliographic Details
Main Author: Singer, Martin, 1947-
Format: Book
Language:English
Published: Ann Arbor : University of Michigan, Center for Chinese Studies, 1971.
Series:Michigan monographs in Chinese studies ; 10.
Subjects:

MARC

Tag First Indicator Second Indicator Subfields
LEADER 00000cam a2200000 a 4500
001 in00000074544
005 20151008053558.0
008 791218s1971 miu b 00010 engm
010 |a  79321568  
020 |a 0892640103 
035 |a (OCoLC)05991161 
035 |9 AAH7904AM 
040 |a DLC  |c DLC  |d TXA  |d UtOrBLW 
043 |a a-cc--- 
049 |a TXAM  |c [1195573] 
050 0 0 |a LA1133.7  |b .S56 
082 0 |a 378.1/98/0951 
100 1 |a Singer, Martin,  |d 1947- 
245 1 0 |a Educated youth and the cultural revolution in China /  |c Martin Singer. 
264 1 |a Ann Arbor :  |b University of Michigan, Center for Chinese Studies,  |c 1971. 
300 |a 114 pages ;  |c 23 cm. 
336 |a text  |b txt  |2 rdacontent 
337 |a unmediated  |b n  |2 rdamedia 
338 |a volume  |b nc  |2 rdacarrier 
490 1 |a Michigan papers in Chinese studies ;  |v no. 10 
504 |a Bibliography: pages 104-114. 
650 0 |a Students  |z China. 
651 0 |a China  |x Politics and government  |y 1949-1976. 
830 0 |a Michigan monographs in Chinese studies ;  |v 10. 
999 |a MARS 
999 f f |s f4330ffd-84ab-3313-813a-594142c43025  |i 4fe8403d-893b-353b-a511-50d302d74c4a  |t 0 
952 f f |p normal  |a Texas A&M University  |b College Station  |c Sterling C. Evans Library  |d Evans: Library Stacks  |t 0  |e LA1133.7 .S56  |h Library of Congress classification  |i unmediated -- volume  |m A14806158858 
998 f f |a LA1133.7 .S56  |t 0  |l Evans: Library Stacks